| 000 | 00854nam0a22002531 4500 | ||
|---|---|---|---|
| 001 | rc\982884 | ||
| 005 | 20041129101238.3 | ||
| 035 | _a(NLR Aleph) 006150740 | ||
| 090 |
_a5759453 _c5759453 |
||
| 100 | _a20041129d1981 u |0rusy50 ca | ||
| 101 | 0 | _arus | |
| 102 | _aRU | ||
| 105 | _aa ||||||||| | ||
| 200 | 1 |
_aГордость поколения _e(ЛКСМ Армении в X пятилетке. Люди. События. Факты) |
|
| 210 |
_aЕреван _cАйастан _d1981 |
||
| 215 |
_a61 с., 12 л. ил. _d20 |
||
| 300 | _aНа обл. авт. не указаны | ||
| 700 | 1 |
_aАйдинян _bВ. Е. _gВалерий Евсавович |
|
| 701 | 1 |
_aХримян _bА. А. _gАлександр Анатольевич |
|
| 801 | 0 |
_aRU _bNLR _gpsbo |
|
| 801 | 1 |
_aRU _bELAR _2rusmarc |
|
| 852 |
_aNLR _j82-4/5732 |
||
| 942 | _cBOOK | ||
| 980 | _aNB | ||